000
00280nam a22001457a 4500
003
SGT
082
_a
611
_b
A15M
100
_a
MITRA,SAMAR
245
_a
ANATOMY
250
_a
7TH
260
_a
DELHI
_b
ACADEMIC PUB
_c
2015
300
_a
452
650
_a
ANATOMY
942
_2
ddc
_c
BK
_0
1
999
_c
8510
_d
8510